Tpot Episode Titles Plus Short! - Statistics

General Stats
  • This quiz has been taken 64 times
    4 since last reset
  • The average score is 3 of 24
Answer Stats
Picture Answer % Correct
Insectophobes Nightmare 6
67%
Balancing Pact
33%
Bottle For Dream Island
33%
Kebabs Special Day
33%
Suite Escape
33%
The Power Of Four
33%
You Know Those Buttons Dont Do Anything Right
33%
ALONE
0%
BFB 31
0%
Category One
0%
Fishes And Dishes
0%
Gardening Zero
0%
Getting Puffball To Think About Rollercoasters
0%
I Said Careful
0%
Last One Standing
0%
Oneirophobes Nightmare
0%
Outbreak At Stake
0%
Out Of The Blue
0%
Plan Dissolve Adhesive
0%
Seasonal Shift
0%
The Great Goikian Bake Off
0%
The Seven Wonders Of Goiky
0%
The Worst Day Of Black Holes Life
0%
Whats Up Bells String
0%
No matching quizzes found
Score Distribution
Percent of People with Each Score
Percentile by Number Answered
Your Score History
You have not taken this quiz since the last reset